Alternative energy : (Record no. 355423)
[ view plain ]
| 000 -LEADER | |
|---|---|
| fixed length control field | 01064cam a22002895a 4500 |
| 001 - CONTROL NUMBER | |
| control field | 16618754 |
| 003 - CONTROL NUMBER IDENTIFIER | |
| control field | Nust- CAS-E |
| 005 - DATE AND TIME OF LATEST TRANSACTION | |
| control field | 20180118181401.0 |
| 008 - FIXED-LENGTH DATA ELEMENTS--GENERAL INFORMATION | |
| fixed length control field | 110121s2011 nyu 000 0 eng |
| 010 ## - LIBRARY OF CONGRESS CONTROL NUMBER | |
| LC control number | 2011921378 |
| 020 ## - INTERNATIONAL STANDARD BOOK NUMBER | |
| International Standard Book Number | 1111037264 |
| 040 ## - CATALOGING SOURCE | |
| Original cataloging agency | DLC |
| Transcribing agency | DLC |
| Modifying agency | DLC |
| 042 ## - AUTHENTICATION CODE | |
| Authentication code | pcc |
| 082 ## - DEWEY DECIMAL CLASSIFICATION NUMBER | |
| Classification number | 621.31 |
| Author Mark | STE 2011 |
| 100 1# - MAIN ENTRY--PERSONAL NAME | |
| Personal name | Steeby, Donald. |
| 245 10 - TITLE STATEMENT | |
| Title | Alternative energy : |
| Remainder of title | sources and systems / |
| Statement of responsibility, etc. | Donald Steeby. |
| 250 ## - EDITION STATEMENT | |
| Edition statement | 1st ed. |
| 260 ## - PUBLICATION, DISTRIBUTION, ETC. | |
| Place of publication, distribution, etc. | Clifton Park, NY : |
| Name of publisher, distributor, etc. | Delmar Cengage Learning, |
| Date of publication, distribution, etc. | 2011. |
| 263 ## - PROJECTED PUBLICATION DATE | |
| Projected publication date | 1108 |
| 300 ## - PHYSICAL DESCRIPTION | |
| Extent | p. cm. |
| 856 42 - ELECTRONIC LOCATION AND ACCESS | |
| Materials specified | Publisher description |
| Uniform Resource Identifier | <a href="http://www.loc.gov/catdir/enhancements/fy1215/2011921378-d.html">http://www.loc.gov/catdir/enhancements/fy1215/2011921378-d.html</a> |
| 856 41 - ELECTRONIC LOCATION AND ACCESS | |
| Materials specified | Table of contents only |
| Uniform Resource Identifier | <a href="http://www.loc.gov/catdir/enhancements/fy1215/2011921378-t.html">http://www.loc.gov/catdir/enhancements/fy1215/2011921378-t.html</a> |
| 856 42 - ELECTRONIC LOCATION AND ACCESS | |
| Materials specified | Contributor biographical information |
| Uniform Resource Identifier | <a href="http://www.loc.gov/catdir/enhancements/fy1303/2011921378-b.html">http://www.loc.gov/catdir/enhancements/fy1303/2011921378-b.html</a> |
| 906 ## - LOCAL DATA ELEMENT F, LDF (RLIN) | |
| a | 0 |
| b | ibc |
| c | orignew |
| d | 2 |
| e | epcn |
| f | 20 |
| g | y-gencatlg |
| 942 ## - ADDED ENTRY ELEMENTS (KOHA) | |
| Source of classification or shelving scheme | |
| Koha item type | Book |
| Withdrawn status | Lost status | Source of classification or shelving scheme | Damaged status | Not for loan | Collection code | Permanent Location | Current Location | Shelving location | Date acquired | Total Checkouts | Total Renewals | Full call number | Barcode | Date last seen | Date last checked out | Cost, replacement price | Price effective from | Koha item type |
|---|---|---|---|---|---|---|---|---|---|---|---|---|---|---|---|---|---|---|
| US-Pakistan Center for Advanced Studies in Energy (USPCAS-E) | US-Pakistan Center for Advanced Studies in Energy (USPCAS-E) | General Stacks | 06/14/2013 | 2 | 2 | 621.31 STE 2011 | CAS-E0000351 | 12/29/2016 | 10/17/2016 | 2865.00 | 08/20/2014 | Book |
